000 01109nam a22002417a 4500
999 _c81378
_d318655
003 OSt
005 20220809155736.0
008 220809b2012 su ||||g |||| 00| 0 ara d
020 _a978603802925
040 _aMa-Un
_cMa-Un
082 _221
_a231
_bح أ ن
100 _aابن حجر العسقلاني، أحمد بن علي.
_996700
245 _aنخبة الفكر في مصطلح اهل الاثر/
_cشهاب الدين احمد بن حجر العسقلاني ؛ عني به سعد عماد سعد الدين كعكي.
250 _aط. 1.
260 _aالرياض :
_bدار التوحيد للنشر،
_c2012
_m1433
300 _a80 ص. ؛
_c24 سم.
504 _aيشتمل على قائمة ببليوجرافية.
600 _aابن حجر العسقلاني, شهاب الدين ابوالفضل احمد بن علي بن محمد بن علي الكتاني.
_d773 - 852 هـ
_996785
650 _aالحديث.
_x علوم.
_996786
650 _aالحديث.
_xمصطلح.
_996787
700 _a كعكي، سعد عماد سعد الدين.
_eمحقق.
_996788
942 _2ddc
_cBOOK